[Event "EUYCC 2025 - U10"]
[Site "?"]
[Date "2025.08.21"]
[Round "3.10"]
[White "Stricova, Viktoria Lea"]
[Black "Grigore, Melania-Cristina"]
[Result "0-1"]
[BlackElo "1433"]
[WhiteElo "1610"]
[LiveChessVersion "1.4.8"]

1. e4 {[%clk 1:30:56]} c5 {[%clk 1:30:56]} 2. Nf3 {[%clk 1:31:13]} d6
{[%clk 1:31:19]} 3. d4 {[%clk 1:31:06]} cxd4 {[%clk 1:31:45]} 4. Nxd4
{[%clk 1:31:20]} Nf6 {[%clk 1:32:02]} 5. Nc3 {[%clk 1:31:18]} a6 {[%clk 1:32:26]}
6. h3 {[%clk 1:30:25]} e6 {[%clk 1:29:15]} 7. g4 {[%clk 1:28:02]} Nc6
{[%clk 1:28:42]} 8. Be3 {[%clk 1:21:44]} Nxd4 {[%clk 1:27:33]} 9. Bxd4
{[%clk 1:21:46]} b5 {[%clk 1:26:49]} 10. a3 {[%clk 1:20:16]} Bb7 {[%clk 1:26:38]}
11. Bg2 {[%clk 1:18:51]} Be7 {[%clk 1:26:38]} 12. Qd2 {[%clk 1:16:53]} O-O
{[%clk 1:26:12]} 13. g5 {[%clk 1:12:53]} Nd7 {[%clk 1:19:56]} 14. h4
{[%clk 1:10:50]} Bc6 {[%clk 1:16:16]} 15. O-O-O {[%clk 1:07:23]} a5
{[%clk 1:15:22]} 16. f4 {[%clk 1:04:44]} b4 {[%clk 1:13:21]} 17. Nb1
{[%clk 1:03:29]} Rb8 {[%clk 1:10:45]} 18. h5 {[%clk 1:01:10]} e5 {[%clk 1:08:03]}
19. Be3 {[%clk 0:58:59]} exf4 {[%clk 1:08:13]} 20. Bxf4 {[%clk 0:58:32]} Ne5
{[%clk 1:07:28]} 21. h6 {[%clk 0:51:25]} Nc4 {[%clk 1:05:32]} 22. Qd4
{[%clk 0:45:53]} Ne5 {[%clk 1:04:01]} 23. Qd2 {[%clk 0:14:40]} bxa3
{[%clk 0:56:07]} 24. Nxa3 {[%clk 0:14:29]} Qb6 {[%clk 0:51:18]} 25. Qc3
{[%clk 0:12:26]} Rfc8 {[%clk 0:49:24]} 26. b3 {[%clk 0:10:06]} Bxe4
{[%clk 0:47:54]} 27. Qd2 {[%clk 0:08:15]} Bxg2 {[%clk 0:46:43]} 28. Qxg2
{[%clk 0:07:29]} Qxb3 {[%clk 0:47:03]} 29. hxg7 {[%clk 0:04:22]} Nd3+
{[%clk 0:46:50]} 30. Kd2 {[%clk 0:03:49]} Qc3+ {[%clk 0:47:12]} 31. Ke2
{[%clk 0:03:45]} Nxf4+ {[%clk 0:47:40]} 32. Kf2 {[%clk 0:03:43]} Nxg2
{[%clk 0:48:00]} 33. Kxg2 {[%clk 0:04:06]} Qxa3 {[%clk 0:48:18]} 0-1

[Event "EUYCC 2025 - U10"]
[Site "?"]
[Date "2025.08.21"]
[Round "3.14"]
[White "Ser, Karina"]
[Black "Balmus, Alexa"]
[Result "1/2-1/2"]
[BlackElo "1595"]
[WhiteElo "1427"]
[LiveChessVersion "1.4.8"]

1. d4 {[%clk 1:30:56]} d5 {[%clk 1:30:56]} 2. e3 {[%clk 1:31:14]} Nf6
{[%clk 1:31:08]} 3. Bd3 {[%clk 1:31:18]} Nc6 {[%clk 1:31:21]} 4. f4
{[%clk 1:31:21]} Bg4 {[%clk 1:31:24]} 5. Nf3 {[%clk 1:31:23]} e6 {[%clk 1:31:22]}
6. c3 {[%clk 1:31:06]} g6 {[%clk 1:31:20]} 7. Nbd2 {[%clk 1:30:34]} Bg7
{[%clk 1:31:09]} 8. O-O {[%clk 1:30:15]} O-O {[%clk 1:31:24]} 9. b3
{[%clk 1:29:21]} Bf5 {[%clk 1:31:44]} 10. Bxf5 {[%clk 1:28:42]} exf5
{[%clk 1:31:57]} 11. Ba3 {[%clk 1:28:50]} Re8 {[%clk 1:29:12]} 12. Ne5
{[%clk 1:28:59]} Nxe5 {[%clk 1:28:03]} 13. fxe5 {[%clk 1:29:17]} Ne4
{[%clk 1:28:17]} 14. Nxe4 {[%clk 1:28:05]} fxe4 {[%clk 1:27:47]} 15. Qe2
{[%clk 1:27:02]} c6 {[%clk 1:27:43]} 16. Rf2 {[%clk 1:27:04]} Bf8
{[%clk 1:27:32]} 17. Bb2 {[%clk 1:27:05]} Qg5 {[%clk 1:27:20]} 18. Raf1
{[%clk 1:26:22]} Re7 {[%clk 1:27:05]} 19. Rf4 {[%clk 1:25:18]} f5
{[%clk 1:20:11]} 20. exf6 {[%clk 1:25:11]} Rf7 {[%clk 1:20:16]} 21. Qg4
{[%clk 1:21:41]} Qxg4 {[%clk 1:19:44]} 22. Rxg4 {[%clk 1:21:57]} Bh6
{[%clk 1:20:02]} 23. Rg3 {[%clk 1:21:12]} Re8 {[%clk 1:19:57]} 24. h4
{[%clk 1:20:44]} Re6 {[%clk 1:20:06]} 25. Rh3 {[%clk 1:20:03]} Rexf6
{[%clk 1:16:14]} 26. Rxf6 {[%clk 1:20:01]} Rxf6 {[%clk 1:16:31]} 27. g4
{[%clk 1:19:29]} Bg7 {[%clk 1:13:19]} 28. g5 {[%clk 1:18:53]} Rf5
{[%clk 1:12:41]} 29. Rh2 {[%clk 1:17:00]} Kf7 {[%clk 1:08:49]} 30. Rf2
{[%clk 1:17:00]} Ke6 {[%clk 1:08:10]} 31. Kg2 {[%clk 1:16:42]} Rxf2+
{[%clk 1:08:08]} 32. Kxf2 {[%clk 1:16:58]} Kf5 {[%clk 1:08:30]} 33. Kg3
{[%clk 1:17:07]} h6 {[%clk 1:08:30]} 34. gxh6 {[%clk 1:17:07]} Bxh6
{[%clk 1:08:49]} 35. Bc1 {[%clk 1:17:17]} a6 {[%clk 1:08:13]} 36. a4
{[%clk 1:16:30]} 1/2-1/2

[Event "EUYCC 2025 - U10"]
[Site "?"]
[Date "2025.08.22"]
[Round "4.1"]
[White "Vanek, Michal"]
[Black "Perouin, Simon"]
[Result "0-1"]
[BlackElo "1861"]
[WhiteElo "1669"]
[LiveChessVersion "1.4.8"]

1. e4 {[%clk 1:30:58]} e5 {[%clk 1:30:47]} 2. Nf3 {[%clk 1:31:24]} d6
{[%clk 1:31:06]} 3. d4 {[%clk 1:31:42]} exd4 {[%clk 1:31:25]} 4. Nxd4
{[%clk 1:31:59]} Nf6 {[%clk 1:31:47]} 5. Nc3 {[%clk 1:32:04]} Be7
{[%clk 1:32:07]} 6. Bf4 {[%clk 1:32:07]} O-O {[%clk 1:31:00]} 7. Qd2
{[%clk 1:32:00]} c6 {[%clk 1:28:30]} 8. O-O-O {[%clk 1:27:47]} b5
{[%clk 1:28:06]} 9. f3 {[%clk 1:27:38]} a5 {[%clk 1:22:22]} 10. g4
{[%clk 1:24:44]} a4 {[%clk 1:14:14]} 11. h4 {[%clk 1:15:54]} h5 {[%clk 1:07:13]}
12. gxh5 {[%clk 1:00:29]} Nxh5 {[%clk 1:06:03]} 13. Bd3 {[%clk 1:00:29]} Nxf4
{[%clk 0:55:45]} 14. Qxf4 {[%clk 0:59:33]} Bf6 {[%clk 0:54:50]} 15. Qe3
{[%clk 0:53:37]} b4 {[%clk 0:48:50]} 16. Nce2 {[%clk 0:51:26]} c5
{[%clk 0:46:37]} 17. Nb5 {[%clk 0:49:38]} Be6 {[%clk 0:43:59]} 18. e5
{[%clk 0:46:36]} Bxe5 {[%clk 0:41:21]} 19. Qe4 {[%clk 0:46:43]} f5
{[%clk 0:40:46]} 20. Qxa8 {[%clk 0:47:01]} c4 {[%clk 0:40:44]} 21. Qxa4
{[%clk 0:45:07]} cxd3 {[%clk 0:40:29]} 22. cxd3 {[%clk 0:43:30]} Qb6
{[%clk 0:35:44]} 23. Qxb4 {[%clk 0:41:19]} Na6 {[%clk 0:35:04]} 24. Qa4
{[%clk 0:39:51]} Qe3+ {[%clk 0:26:47]} 25. Rd2 {[%clk 0:36:03]} Bxb2+
{[%clk 0:24:28]} 26. Kc2 {[%clk 0:35:54]} Rc8+ {[%clk 0:23:14]} 27. Nec3
{[%clk 0:35:02]} Bxc3 {[%clk 0:22:41]} 28. Nxc3 {[%clk 0:34:25]} Qc5
{[%clk 0:22:31]} 29. Rhd1 {[%clk 0:31:13]} Qxc3+ {[%clk 0:21:57]} 30. Kb1
{[%clk 0:31:32]} Rb8+ {[%clk 0:22:17]} 0-1

[Event "EUYCC 2025 - U10"]
[Site "?"]
[Date "2025.08.22"]
[Round "4.2"]
[White "Hlavacek, Pavel"]
[Black "Bostina, Vladimir-Ioan"]
[Result "1-0"]
[BlackElo "1697"]
[WhiteElo "1923"]
[LiveChessVersion "1.4.8"]

1. d4 {[%clk 1:30:58]} Nf6 {[%clk 1:30:48]} 2. c4 {[%clk 1:31:22]} g6
{[%clk 1:31:13]} 3. Nc3 {[%clk 1:31:46]} d5 {[%clk 1:31:38]} 4. cxd5
{[%clk 1:32:10]} Nxd5 {[%clk 1:32:02]} 5. e4 {[%clk 1:32:34]} Nxc3
{[%clk 1:32:27]} 6. bxc3 {[%clk 1:32:59]} Bg7 {[%clk 1:32:52]} 7. Bc4
{[%clk 1:32:53]} c5 {[%clk 1:31:33]} 8. Ne2 {[%clk 1:32:41]} O-O {[%clk 1:31:53]}
9. O-O {[%clk 1:31:49]} Nc6 {[%clk 1:32:10]} 10. Be3 {[%clk 1:31:16]} Bg4
{[%clk 1:32:35]} 11. f3 {[%clk 1:31:39]} Bd7 {[%clk 1:33:05]} 12. Rb1
{[%clk 1:29:17]} Qc7 {[%clk 1:30:36]} 13. Qd2 {[%clk 1:23:36]} Rfd8
{[%clk 1:21:31]} 14. Rfc1 {[%clk 1:18:17]} Rab8 {[%clk 1:06:52]} 15. h4
{[%clk 1:01:35]} a6 {[%clk 0:57:58]} 16. h5 {[%clk 0:47:07]} b5 {[%clk 0:53:27]}
17. Bb3 {[%clk 0:46:45]} Qa5 {[%clk 0:46:43]} 18. hxg6 {[%clk 0:42:23]} hxg6
{[%clk 0:47:02]} 19. Bh6 {[%clk 0:35:38]} cxd4 {[%clk 0:36:44]} 20. Qg5
{[%clk 0:24:04]} Kf8 {[%clk 0:20:10]} 21. Nf4 {[%clk 0:20:27]} e6
{[%clk 0:10:32]} 22. Qf6 {[%clk 0:19:00]} Qb6 {[%clk 0:01:01]} 23. Qxg7+
{[%clk 0:18:13]} Ke7 {[%clk 0:01:25]} 24. Nxg6+ {[%clk 0:18:17]} Kd6
{[%clk 0:01:43]} 25. Bf4+ {[%clk 0:18:37]} e5 {[%clk 0:01:53]} 26. Bxe5+
{[%clk 0:18:56]} Nxe5 {[%clk 0:02:14]} 27. Qxe5+ {[%clk 0:19:19]} Kc6
{[%clk 0:02:28]} 28. Bd5+ {[%clk 0:19:35]} Kc5 {[%clk 0:02:32]} 29. cxd4#
{[%clk 0:19:59]} 1-0

[Event "EUYCC 2025 - U10"]
[Site "?"]
[Date "2025.08.22"]
[Round "4.3"]
[White "Skouroupathis, Kyriakos"]
[Black "Vinet, Matelo"]
[Result "0-1"]
[BlackElo "1708"]
[WhiteElo "1798"]
[LiveChessVersion "1.4.8"]

1. e4 {[%clk 1:30:57]} e5 {[%clk 1:30:41]} 2. Nf3 {[%clk 1:31:15]} Nc6
{[%clk 1:31:03]} 3. d4 {[%clk 1:31:20]} exd4 {[%clk 1:31:26]} 4. Bc4
{[%clk 1:31:44]} Nf6 {[%clk 1:30:55]} 5. O-O {[%clk 1:31:58]} Nxe4
{[%clk 1:31:15]} 6. Re1 {[%clk 1:32:19]} d5 {[%clk 1:31:43]} 7. Bxd5
{[%clk 1:32:40]} Qxd5 {[%clk 1:32:09]} 8. Nc3 {[%clk 1:33:03]} Qh5
{[%clk 1:30:39]} 9. Nxe4 {[%clk 1:33:20]} Be6 {[%clk 1:31:01]} 10. Bg5
{[%clk 1:31:21]} Bd6 {[%clk 1:29:58]} 11. h3 {[%clk 1:09:13]} O-O
{[%clk 1:23:34]} 12. Bf6 {[%clk 0:55:26]} Bb4 {[%clk 1:09:36]} 13. c3
{[%clk 0:44:50]} dxc3 {[%clk 1:08:44]} 14. bxc3 {[%clk 0:44:48]} Be7
{[%clk 1:06:25]} 15. Bxe7 {[%clk 0:43:05]} Nxe7 {[%clk 1:04:01]} 16. Neg5
{[%clk 0:35:15]} Nd5 {[%clk 1:00:05]} 17. c4 {[%clk 0:32:09]} Nf4
{[%clk 0:44:51]} 18. Qd4 {[%clk 0:07:27]} Ng6 {[%clk 0:41:56]} 19. Rxe6
{[%clk 0:01:23]} fxe6 {[%clk 0:33:22]} 20. Nxe6 {[%clk 0:01:52]} Rf7
{[%clk 0:30:19]} 21. Nfg5 {[%clk 0:02:12]} Nf4 {[%clk 0:27:52]} 22. Qe4
{[%clk 0:00:32]} Nxe6 {[%clk 0:26:52]} 23. Nxe6 {[%clk 0:00:34]} Re8
{[%clk 0:23:59]} 24. Re1 {[%clk 0:00:32]} Rfe7 {[%clk 0:23:48]} 25. f4
{[%clk 0:00:46]} Rxe6 {[%clk 0:23:42]} 26. Qxe6+ {[%clk 0:00:36]} Rxe6
{[%clk 0:24:09]} 27. Rxe6 {[%clk 0:01:02]} Qc5+ {[%clk 0:24:34]} 28. Kh1
{[%clk 0:00:58]} Qxc4 {[%clk 0:24:58]} 29. Re8+ {[%clk 0:01:17]} Kf7
{[%clk 0:25:24]} 30. Rb8 {[%clk 0:01:33]} Qc1+ {[%clk 0:25:46]} 31. Kh2
{[%clk 0:01:49]} Qxf4+ {[%clk 0:26:11]} 0-1

[Event "EUYCC 2025 - U10"]
[Site "?"]
[Date "2025.08.22"]
[Round "4.4"]
[White "Sirbu, Filip"]
[Black "Siska, Samuel"]
[Result "1-0"]
[BlackElo "1687"]
[WhiteElo "1697"]
[LiveChessVersion "1.4.8"]

1. d4 {[%clk 1:30:56]} e6 {[%clk 1:30:12]} 2. Nc3 {[%clk 1:31:18]} f5
{[%clk 1:29:19]} 3. Nf3 {[%clk 1:29:04]} Nf6 {[%clk 1:27:59]} 4. Bf4
{[%clk 1:25:44]} c6 {[%clk 1:25:58]} 5. e3 {[%clk 1:21:53]} d5 {[%clk 1:25:15]}
6. Be2 {[%clk 1:19:17]} Bd6 {[%clk 1:23:38]} 7. Ne5 {[%clk 1:16:50]} O-O
{[%clk 1:23:01]} 8. h4 {[%clk 1:14:20]} Bd7 {[%clk 1:00:54]} 9. h5
{[%clk 1:08:00]} c5 {[%clk 0:57:31]} 10. Ng6 {[%clk 1:02:01]} Bxf4
{[%clk 0:53:35]} 11. Nxf8 {[%clk 0:56:17]} cxd4 {[%clk 0:53:00]} 12. Nxd7
{[%clk 0:55:13]} Nbxd7 {[%clk 0:52:53]} 13. exd4 {[%clk 0:54:41]} Qa5
{[%clk 0:50:06]} 14. O-O {[%clk 0:53:06]} Rc8 {[%clk 0:48:25]} 15. a3
{[%clk 0:45:27]} Qb6 {[%clk 0:42:55]} 16. Rb1 {[%clk 0:41:38]} Bd6
{[%clk 0:41:06]} 17. Bf3 {[%clk 0:37:38]} a6 {[%clk 0:38:14]} 18. g3
{[%clk 0:35:03]} Qc7 {[%clk 0:37:01]} 19. Qd2 {[%clk 0:28:49]} Bxa3
{[%clk 0:35:13]} 20. Nxd5 {[%clk 0:24:16]} exd5 {[%clk 0:31:05]} 21. bxa3
{[%clk 0:24:31]} b5 {[%clk 0:29:33]} 22. Qg5 {[%clk 0:22:23]} Nb6
{[%clk 0:22:05]} 23. Qxf5 {[%clk 0:21:36]} Qxc2 {[%clk 0:22:26]} 24. Qe6+
{[%clk 0:21:34]} Kh8 {[%clk 0:22:47]} 25. Qxb6 {[%clk 0:20:51]} Qd3
{[%clk 0:21:27]} 26. Rbc1 {[%clk 0:18:39]} Rxc1 {[%clk 0:21:20]} 27. Qd8+
{[%clk 0:18:37]} Ng8 {[%clk 0:21:38]} 28. Rxc1 {[%clk 0:17:35]} Qxf3
{[%clk 0:21:59]} 29. Rc8 {[%clk 0:17:36]} Qf7 {[%clk 0:22:24]} 30. Qe8
{[%clk 0:17:45]} Qxe8 {[%clk 0:22:37]} 31. Rxe8 {[%clk 0:18:14]} g6
{[%clk 0:22:55]} 32. h6 {[%clk 0:18:28]} a5 {[%clk 0:23:20]} 33. Kf1
{[%clk 0:18:48]} b4 {[%clk 0:23:45]} 34. axb4 {[%clk 0:19:14]} axb4
{[%clk 0:24:10]} 35. Ke2 {[%clk 0:19:35]} b3 {[%clk 0:24:35]} 36. Kd3
{[%clk 0:20:02]} b2 {[%clk 0:25:00]} 37. Kc2 {[%clk 0:20:28]} g5 {[%clk 0:25:25]}
38. Kxb2 {[%clk 0:20:21]} g4 {[%clk 0:25:51]} 39. Re6 {[%clk 0:19:56]} Nxh6
{[%clk 0:26:10]} 40. Rxh6 {[%clk 0:20:18]} Kg7 {[%clk 0:26:38]} 41. Rh5
{[%clk 0:20:38]} Kg6 {[%clk 0:26:58]} 42. Rxd5 {[%clk 0:21:07]} h5
{[%clk 0:27:20]} 43. Re5 {[%clk 0:21:17]} h4 {[%clk 0:27:45]} 44. gxh4
{[%clk 0:21:42]} g3 {[%clk 0:28:11]} 45. fxg3 {[%clk 0:22:03]} Kf6
{[%clk 0:28:34]} 46. h5 {[%clk 0:22:22]} Kg7 {[%clk 0:29:00]} 47. d5
{[%clk 0:22:43]} Kf6 {[%clk 0:29:26]} 48. h6 {[%clk 0:23:08]} Kxe5
{[%clk 0:29:52]} 49. h7 {[%clk 0:23:34]} Kxd5 {[%clk 0:30:15]} 50. h8=Q
{[%clk 0:23:57]} Ke4 {[%clk 0:30:40]} 51. Qh5 {[%clk 0:24:16]} Kd4
{[%clk 0:31:06]} 52. Qf5 {[%clk 0:24:20]} Ke3 {[%clk 0:31:31]} 53. Qf4+
{[%clk 0:24:43]} Kd3 {[%clk 0:31:56]} 54. g4 {[%clk 0:24:58]} Ke2
{[%clk 0:32:21]} 55. Kc2 {[%clk 0:25:18]} Ke1 {[%clk 0:32:46]} 56. Kd3
{[%clk 0:25:40]} Kd1 {[%clk 0:33:10]} 57. Qd2# {[%clk 0:26:04]} 1-0

[Event "EUYCC 2025 - U10"]
[Site "?"]
[Date "2025.08.22"]
[Round "4.5"]
[White "Grigore, Melania-Cristina"]
[Black "Lobina, Thomas"]
[Result "0-1"]
[BlackElo "1959"]
[WhiteElo "1433"]
[LiveChessVersion "1.4.8"]

1. e4 {[%clk 1:30:57]} c5 {[%clk 1:30:45]} 2. Nf3 {[%clk 1:31:14]} d6
{[%clk 1:31:09]} 3. d4 {[%clk 1:31:36]} cxd4 {[%clk 1:31:32]} 4. Nxd4
{[%clk 1:32:02]} Nf6 {[%clk 1:31:53]} 5. Nc3 {[%clk 1:32:25]} g6 {[%clk 1:32:15]}
6. f3 {[%clk 1:32:02]} Bg7 {[%clk 1:32:09]} 7. Be3 {[%clk 1:32:21]} O-O
{[%clk 1:32:28]} 8. Qd2 {[%clk 1:32:42]} Nc6 {[%clk 1:32:44]} 9. O-O-O
{[%clk 1:32:47]} Bd7 {[%clk 1:33:02]} 10. Kb1 {[%clk 1:28:10]} Rc8
{[%clk 1:33:15]} 11. g4 {[%clk 1:21:47]} Ne5 {[%clk 1:32:16]} 12. h4
{[%clk 1:16:40]} Qa5 {[%clk 1:32:01]} 13. h5 {[%clk 1:14:14]} Nxf3
{[%clk 1:30:52]} 14. Nxf3 {[%clk 1:04:28]} Rxc3 {[%clk 1:30:48]} 15. bxc3
{[%clk 1:04:34]} Nxe4 16. Qd3 {[%clk 1:01:41]} Nxc3+ {[%clk 1:31:25]} 17. Kc1
{[%clk 1:01:23]} Nxa2+ {[%clk 1:31:50]} 18. Kb1 {[%clk 1:01:08]} Nc3+
{[%clk 1:32:14]} 19. Kc1 {[%clk 1:01:19]} Qa1+ {[%clk 1:32:40]} 0-1

[Event "EUYCC 2025 - U10"]
[Site "?"]
[Date "2025.08.22"]
[Round "4.8"]
[White "Karcz, Aleksandra"]
[Black "Hornacek, Tomas"]
[Result "0-1"]
[BlackElo "1710"]
[WhiteElo "1485"]
[LiveChessVersion "1.4.8"]

1. e4 {[%clk 1:30:59]} d6 {[%clk 1:30:51]} 2. d4 {[%clk 1:31:25]} Nf6
{[%clk 1:31:10]} 3. Nc3 {[%clk 1:31:53]} g6 {[%clk 1:31:34]} 4. Be3
{[%clk 1:32:19]} Ng4 {[%clk 1:30:22]} 5. Bg5 {[%clk 1:32:20]} Bg7
{[%clk 1:28:35]} 6. f3 {[%clk 1:32:17]} Nf6 {[%clk 1:28:54]} 7. Be2
{[%clk 1:32:11]} c6 {[%clk 1:28:31]} 8. Qd2 {[%clk 1:32:25]} b5 {[%clk 1:28:44]}
9. O-O-O {[%clk 1:31:47]} Qa5 {[%clk 1:28:22]} 10. a3 {[%clk 1:25:22]} Nbd7
{[%clk 1:26:09]} 11. Bh6 {[%clk 1:25:01]} Bxh6 {[%clk 1:26:09]} 12. Qxh6
{[%clk 1:25:24]} Rb8 {[%clk 1:25:29]} 13. Na2 {[%clk 1:20:25]} Nb6
{[%clk 1:19:06]} 14. Nb4 {[%clk 1:17:38]} Bb7 {[%clk 1:13:01]} 15. Qd2
{[%clk 1:05:10]} Nc4 {[%clk 1:12:02]} 16. Bxc4 {[%clk 1:01:16]} bxc4
{[%clk 1:12:22]} 17. Qc3 {[%clk 1:01:00]} Qb5 {[%clk 1:10:54]} 18. Ne2
{[%clk 0:59:23]} a5 {[%clk 1:10:12]} 19. Na2 {[%clk 0:58:27]} Ba6
{[%clk 1:08:45]} 20. Kb1 {[%clk 0:54:57]} Rb7 {[%clk 1:06:43]} 21. Ka1
{[%clk 0:53:05]} Kd7 {[%clk 1:04:29]} 22. Nec1 {[%clk 0:53:04]} Rhb8
{[%clk 1:03:42]} 23. b3 {[%clk 0:52:43]} cxb3 {[%clk 1:03:27]} 24. cxb3
{[%clk 0:52:12]} Qb6 {[%clk 1:01:25]} 25. Qc2 {[%clk 0:48:49]} Ke8
{[%clk 0:58:33]} 26. Nc3 {[%clk 0:48:47]} Nd7 {[%clk 0:57:37]} 27. Ka2
{[%clk 0:46:40]} Bb5 {[%clk 0:54:44]} 28. Nxb5 {[%clk 0:45:03]} Qxb5
{[%clk 0:55:04]} 29. Qd3 {[%clk 0:45:23]} Qb6 {[%clk 0:55:14]} 30. Rhf1
{[%clk 0:45:06]} c5 {[%clk 0:54:39]} 31. Rf2 {[%clk 0:42:48]} Rc7
{[%clk 0:50:03]} 32. Rc2 {[%clk 0:42:35]} a4 {[%clk 0:47:38]} 33. Rc4
{[%clk 0:31:58]} axb3+ {[%clk 0:45:57]} 34. Qxb3 {[%clk 0:31:41]} Qa7
{[%clk 0:45:08]} 35. Qe3 {[%clk 0:29:14]} Qa6 {[%clk 0:44:34]} 36. Qd3
{[%clk 0:18:57]} Rcb7 {[%clk 0:42:54]} 37. Rc2 {[%clk 0:18:20]} c4
{[%clk 0:41:43]} 38. Qe3 {[%clk 0:16:50]} Qb5 {[%clk 0:41:03]} 39. Ne2
{[%clk 0:07:50]} Qb3+ {[%clk 0:41:12]} 40. Qxb3 {[%clk 0:08:07]} cxb3+
{[%clk 0:41:34]} 41. Ka1 {[%clk 0:08:33]} bxc2 {[%clk 0:41:51]} 42. Rc1
{[%clk 0:08:25]} Rb1+ 43. Rxb1 {[%clk 0:08:48]} cxb1=R+ {[%clk 0:42:21]} 44. Ka2
{[%clk 0:09:14]} R8b2# {[%clk 0:42:26]} 0-1

[Event "EUYCC 2025 - U10"]
[Site "?"]
[Date "2025.08.22"]
[Round "4.9"]
[White "Vratny, Vojtech"]
[Black "Macharacek, Jakub"]
[Result "0-1"]
[BlackElo "1677"]
[WhiteElo "1645"]
[LiveChessVersion "1.4.8"]

1. e4 {[%clk 1:30:52]} e5 {[%clk 1:30:55]} 2. Nf3 {[%clk 1:31:13]} Nc6
{[%clk 1:31:19]} 3. Bc4 {[%clk 1:31:24]} Bc5 {[%clk 1:31:43]} 4. c3
{[%clk 1:30:58]} Nf6 {[%clk 1:32:02]} 5. d4 {[%clk 1:30:50]} exd4
{[%clk 1:32:27]} 6. cxd4 {[%clk 1:30:55]} Bb4+ {[%clk 1:32:43]} 7. Nc3
{[%clk 1:31:03]} Nxe4 {[%clk 1:33:01]} 8. O-O {[%clk 1:30:42]} Bxc3
{[%clk 1:33:14]} 9. d5 {[%clk 1:29:58]} Ne7 {[%clk 1:24:04]} 10. bxc3
{[%clk 1:28:34]} d6 {[%clk 1:15:08]} 11. Re1 {[%clk 1:18:09]} Nf6
{[%clk 1:11:54]} 12. Bg5 {[%clk 1:16:56]} O-O {[%clk 1:08:52]} 13. Bxf6
{[%clk 1:16:54]} gxf6 {[%clk 1:09:18]} 14. Nd4 {[%clk 1:14:06]} Ng6
{[%clk 1:05:48]} 15. Qh5 {[%clk 1:01:17]} f5 {[%clk 0:56:32]} 16. Nxf5
{[%clk 0:48:46]} Qf6 {[%clk 0:54:32]} 17. Bd3 {[%clk 0:34:55]} Bxf5
{[%clk 0:50:48]} 18. Qxf5 {[%clk 0:35:02]} Qxf5 {[%clk 0:49:45]} 19. Bxf5
{[%clk 0:34:52]} Rfe8 {[%clk 0:48:30]} 20. g3 {[%clk 0:33:21]} Ne5
{[%clk 0:43:04]} 21. f4 {[%clk 0:32:35]} Nf3+ {[%clk 0:43:26]} 22. Kf2
{[%clk 0:32:43]} Nxe1 {[%clk 0:43:44]} 23. Rxe1 {[%clk 0:33:05]} Rxe1
{[%clk 0:43:53]} 24. Kxe1 {[%clk 0:33:30]} Re8+ {[%clk 0:44:06]} 25. Kd2
{[%clk 0:33:41]} Kg7 {[%clk 0:44:02]} 26. c4 {[%clk 0:32:09]} h5 {[%clk 0:40:53]}
27. h3 {[%clk 0:30:57]} Kf6 {[%clk 0:40:20]} 28. Bd3 {[%clk 0:30:48]} Rg8
{[%clk 0:40:12]} 29. Be2 {[%clk 0:30:01]} Rxg3 {[%clk 0:40:02]} 0-1

[Event "EUYCC 2025 - U10"]
[Site "?"]
[Date "2025.08.22"]
[Round "4.10"]
[White "Grigorescu, Stefan"]
[Black "Stricova, Viktoria Lea"]
[Result "1-0"]
[BlackElo "1610"]
[WhiteElo "1465"]
[LiveChessVersion "1.4.8"]

1. Nf3 {[%clk 1:30:56]} Nf6 {[%clk 1:30:33]} 2. c4 {[%clk 1:31:18]} e6
{[%clk 1:25:52]} 3. b3 {[%clk 1:31:07]} d5 {[%clk 1:25:06]} 4. Bb2
{[%clk 1:30:59]} Be7 {[%clk 1:24:39]} 5. g3 {[%clk 1:30:57]} c5 {[%clk 1:22:11]}
6. e3 {[%clk 1:30:15]} Nc6 {[%clk 1:18:33]} 7. d4 {[%clk 1:28:37]} b6
{[%clk 1:17:40]} 8. Bg2 {[%clk 1:28:02]} O-O {[%clk 1:15:33]} 9. O-O
{[%clk 1:28:01]} Ba6 {[%clk 1:13:44]} 10. Nbd2 {[%clk 1:22:51]} Rc8
{[%clk 1:11:37]} 11. Re1 {[%clk 1:21:11]} h6 {[%clk 1:10:11]} 12. a3
{[%clk 1:13:26]} Bb7 {[%clk 0:58:53]} 13. Rc1 {[%clk 1:12:23]} a6
{[%clk 0:54:16]} 14. Nb1 {[%clk 0:59:26]} Ne4 {[%clk 0:40:24]} 15. Nc3
{[%clk 0:59:26]} Nxc3 {[%clk 0:39:48]} 16. Rxc3 {[%clk 0:58:43]} Qd7
{[%clk 0:37:06]} 17. Rd3 {[%clk 0:56:09]} Rfd8 {[%clk 0:35:10]} 18. Qc2
{[%clk 0:51:43]} Bf8 {[%clk 0:28:02]} 19. Red1 {[%clk 0:51:21]} Ne7
{[%clk 0:27:20]} 20. Ne5 {[%clk 0:45:04]} Qc7 {[%clk 0:25:52]} 21. cxd5
{[%clk 0:41:39]} exd5 {[%clk 0:25:02]} 22. Rc1 {[%clk 0:40:35]} Nf5
{[%clk 0:17:18]} 23. Bh3 {[%clk 0:39:08]} g6 {[%clk 0:16:45]} 24. Rc3
{[%clk 0:38:25]} Bg7 {[%clk 0:14:16]} 25. f4 {[%clk 0:35:26]} Bf8
{[%clk 0:13:17]} 26. Bxf5 {[%clk 0:34:47]} gxf5 {[%clk 0:13:16]} 27. Qxf5
{[%clk 0:35:09]} Bg7 {[%clk 0:12:18]} 28. dxc5 {[%clk 0:34:31]} bxc5
{[%clk 0:11:53]} 29. Rxc5 {[%clk 0:34:51]} Qb6 {[%clk 0:11:13]} 30. Qxf7+
{[%clk 0:35:15]} Kh7 {[%clk 0:10:56]} 31. Nc6 {[%clk 0:34:36]} Rg8
{[%clk 0:10:03]} 32. Qf5+ {[%clk 0:34:31]} Kh8 {[%clk 0:10:03]} 33. Qg6
{[%clk 0:34:56]} Bxb2 {[%clk 0:08:20]} 34. Qxh6# {[%clk 0:35:19]} 1-0